00323pab a2200121 454500008004000000100002100040245004300061260000900104300001100113362001600124650002700140773003400167180718b1986 xxu||||| |||| 00| 0 eng d aNavlakha, Gautam aMuslim Mainstenance BillbA postscript c1986 a1691-2 a20-27 Sept. aMohammedan Law - India aEconomic and Political Weekly